[Event "EU-ch 4th"]
[Site "Istanbul"]
[Date "2003.05.30"]
[Round "1"]
[White "Dervishi, Erald"]
[Black "Kobalia, Mihail"]
[Result "0-1"]
[WhiteElo "2535"]
[BlackElo "2639"]
[Annotator "Ftacnik,L"]
[PlyCount "70"]
[EventDate "2003.05.30"]
[EventType "swiss"]
[EventRounds "13"]
[EventCountry "TUR"]
[SourceTitle "CBM 096"]
[Source "ChessBase"]
[SourceDate "2003.09.25"]
[SourceVersion "1"]
[SourceVersionDate "2003.09.25"]
[SourceQuality "1"]

1. e4 c5 2. Nf3 d6 3. d4 cxd4 4. Nxd4 Nf6 5. Nc3 a6 6. Be2 e5 7. Nb3 Be7 8. O-O
O-O 9. Kh1 Nc6 10. f4 b5 11. a4 b4 12. Nd5 Nxe4 (12... Bb7 13. Qd3 a5 14. Be3
exf4 15. Bxf4 Ne5 16. Bxe5 dxe5 17. Nxf6+ Bxf6 18. Qe3 Qc7 19. Bd3 Ba6 20. Qe2
Bxd3 21. cxd3 {1-0 Slobodjan,R-Womacka,M/Schoeneck 1996/ (45)}) 13. Bf3 f5 14.
Nxe7+ Nxe7 15. fxe5 dxe5 16. Qxd8 Rxd8 17. Bxe4 {[%mdl 4] White has chosen the
variaton, that can not be so bad for black. All Kobalijas pieces are working
fine and c2 pawn can become weak.} (17. Bg5 Re8 18. Nc5 Rb8 19. Bxe4 fxe4 20.
Rad1 Nc6 21. Nxe4 Be6 22. Nc5 Bc4 {1/2-1/2 Jansa,V-Womacka,M/Germany 1994/ (53)
}) (17. Nc5 Nxc5 $5 18. Bxa8 f4 $1 19. Bf3 Bf5 20. Rd1 Rc8 21. Bd2 a5 22. c3
Nb3 23. cxb4 e4 24. g4 Bg6 25. Bg2 f3 26. Bh3 Nxa1 27. Rxa1 Nd5 {0-1 Wang
Zili-Zhang Zhong/Shenyang 1999/ (33)}) 17... fxe4 18. Bg5 Ra7 19. Rae1 (19. Nc5
h6 $1 20. Bxe7 Rxe7 21. Nxe4 Bb7 22. Rae1 Rc7 $17) 19... h6 20. Bd2 (20. Bxe7
Rxe7 21. Rxe4 Rc7 22. Re2 Bg4 23. Ref2 Bd1 24. Na1 b3 $1 25. Nxb3 Bxc2 $17)
20... a5 (20... Nc6 21. Rxe4 Rf7 22. Kg1 Be6 $15) 21. Rxe4 Nc6 22. Be3 (22. Kg1
Be6 23. Be3 Bxb3 24. cxb3 Rad7 $17) 22... Rf7 23. Re1 $6 (23. Kg1 Rxf1+ 24.
Kxf1 Rd1+ 25. Kf2 Be6 $15) 23... Be6 {All black pieces are better than their
counterparts, white is in trouble.} 24. Nd2 (24. Nc5 Bd5 25. Rg4 Nd4 26. Bg1
Nxc2 27. Rxe5 Rf1 $17) 24... Bf5 25. Rc4 Nd4 26. Rc1 (26. Bxd4 Rxd4 27. Rxd4
exd4 28. Rc1 Rc7 29. Nb3 Rxc2 30. Rxc2 Bxc2 31. Nxd4 Bxa4 $17) 26... Nxc2 $6 {
Unnecessarily radical solution, white will get the chance to put a real
resistance.} (26... Rfd7 27. Bxd4 Rxd4 28. Rxd4 exd4 29. Nb3 Rd5 $17) 27. R1xc2
Bxc2 28. Rxc2 Rd3 29. Bg1 (29. Bb6 Rf6 30. Bg1) 29... b3 30. Rc8+ Kh7 31. Nc4
$6 {Dervishi probably believed, that he can attack also a5 pawn. The best move
31.Nf3! would have not been easy to break.} (31. Nf3 $1 Re7 32. Rc1 e4 33. Re1
e3 $15) 31... Rf1 $1 32. Nxe5 Rd2 (32... Rdd1 33. Nf3 Rb1 $15) 33. h4 (33. Rb8
Rxb2 34. Nd7 Ra1 35. Nf8+ Kg8 36. Ng6+ Kf7 37. Ne5+ Kf6 $19) 33... Rxb2 34. Rb8
Rf4 35. g3 Rf1 0-1

[Event "Cappelle op 24th"]
[Site "Cappelle la Grande"]
[Date "2008.02.22"]
[Round "8"]
[White "Timoshenko, Georgy"]
[Black "Van der Weide, Karel"]
[Result "1-0"]
[WhiteElo "2560"]
[BlackElo "2483"]
[Annotator "Ftacnik,L"]
[PlyCount "55"]
[EventDate "2008.02.16"]
[EventType "swiss"]
[EventRounds "9"]
[EventCountry "FRA"]
[SourceTitle "CBM 122 Extra"]
[Source "ChessBase"]
[SourceDate "2008.03.04"]
[SourceVersion "1"]
[SourceVersionDate "2008.03.04"]
[SourceQuality "1"]

1. e4 c5 2. Nf3 d6 3. d4 cxd4 4. Nxd4 Nf6 5. Nc3 a6 6. Be2 e5 7. Nb3 Be6 8. f4
Qc7 9. g4 h6 10. g5 hxg5 11. fxg5 Nfd7 12. Bg4 $1 {[%mdl 4] This opening line
is played quite rarely, but it may change in the future. White has very
quickly achieved progress on the kingside without having to compromise his own
development.} Nc6 (12... Be7 13. Bxe6 fxe6 14. Qg4 Nf8 15. Be3 Nbd7 16. h4 (16.
O-O-O O-O-O 17. h4 Kb8 18. Rhf1 g6 19. Rf7 Re8 20. Kb1 Nb6 21. Rdf1 Nc4 22. Bc1
{1-0 Lampe,D (2250)-Homuth,M/Germany 1994 (41)}) 16... O-O-O 17. Rf1 Qc4 18.
Nd2 Qb4 19. O-O-O d5 20. a3 Qd6 21. Nc4 Qc7 22. exd5 Nc5 23. Rf7 Rd7 24. Rxe7
Rxe7 25. d6 {1-0 Grinberg,R (2460)-Seidler,A (2200)/Buenos Aires 1975}) (12...
Nb6 13. Bxe6 fxe6 14. Qg4 Qd7 15. Qe2 Na4 16. Nxa4 Qxa4 17. O-O Be7 18. c4 Nc6
19. Be3 O-O-O 20. Qg4 Qxc4 21. Rac1 Qb5 22. Rf7 Kb8 23. Rxc6 bxc6 24. Rxe7 Qd3
25. Qf3 $14 {1-0 Comp Saitek Sparc-Gebhardt,U (2240)/Muenster 1993 (61)}) (
12... Rh4 13. Bxe6 fxe6 14. Qf3 Nb6 15. g6 Nc6 16. Bg5 Rh8 17. Rd1 Nb4 18. O-O
Kd7 19. Qf7+ {1-0 Boros,D (2114)-Berczes,D (2176)/Budapest 2001}) 13. Be3 (13.
Bxe6 fxe6 14. Qg4 O-O-O 15. Be3 (15. Qxe6 $6 Nd4 $15) 15... Re8 16. O-O-O)
13... O-O-O 14. Bxe6 fxe6 15. Qg4 Nb4 $6 {Van der Weide has spotted a chance
to exploit the potential of the central pawn advance. Timoshenko will have to
prove, that the witty idea comes too early.} (15... Re8 16. O-O-O Kb8 17. h4
$14) 16. O-O-O d5 $2 (16... Re8 17. h4 $16) 17. exd5 exd5 (17... Nxd5 18. Nxd5
exd5 19. Rxd5 $16) 18. a3 $1 d4 (18... Qc4 19. Qe6 Qc6 20. Qf7 d4 21. Bxd4 exd4
22. Nxd4 Nd3+ 23. cxd3 Qd6 24. Nf5 $16) (18... Nxc2 19. Kxc2 d4 20. Nxd4 exd4
21. Bxd4 Kb8 22. h4 $16) 19. axb4 dxc3 (19... dxe3 20. Nd5 Qd6 21. Na5 $16) 20.
Rd3 $1 {A fine move, that was easy to miss from a distance. White's pieces
will quickly play to the maximum while Black will be moving only his queen.}
cxb2+ 21. Kxb2 Kb8 22. Rc3 (22. Rhd1 Rc8 23. Rxd7 Qc3+ 24. Ka2 Qxc2+ 25. Ka3
Rxh2 26. R1d2 $18) 22... Qd6 23. Rd1 Rh4 (23... Qe7 24. Qc4 $18) 24. Qxh4 Qxd1
25. Rd3 Qh1 26. Na5 $1 {Excellent idea, the knight is attacking the most
vulnerable spot b7. Black will find it impossible to organize any resistance.}
Be7 (26... e4 27. Qf4+ Ka8 28. Rxd7 $18) 27. Qg4 Kc7 (27... Nb6 28. Bxb6 Rxd3
29. cxd3 Qxh2+ 30. Kc3 $18) 28. Rd1 (28. Rd1 Qxh2 29. Qe4 $18) 1-0

[Event "Rostock-08 IM Group"]
[Site "Rostock"]
[Date "1982.08.18"]
[Round "5"]
[White "Neukirch, Detlef"]
[Black "Bernard, Ryszard"]
[Result "1/2-1/2"]
[WhiteElo "2365"]
[BlackElo "2340"]
[Annotator "Ftacnik,L"]
[PlyCount "34"]
[EventDate "1982.08.14"]
[EventType "tourn"]
[EventRounds "9"]
[EventCountry "DDR"]
[EventCategory "4"]
[SourceTitle "MCL"]
[Source "ChessBase"]
[SourceDate "1999.07.01"]
[SourceVersion "1"]
[SourceVersionDate "1999.07.01"]
[SourceQuality "1"]

1. e4 c5 2. Nf3 d6 3. d4 cxd4 4. Nxd4 Nf6 5. Nc3 a6 6. Be2 e5 7. Nb3 Be7 8. Bg5
Be6 (8... Nxe4 $2 9. Nxe4 Bxg5 10. Nxd6+ Kf8 11. Qd5 Qc7 12. Bc4) 9. Bxf6 (9.
f4 exf4 10. Bxf4 Nc6 11. O-O O-O $10) 9... Bxf6 10. Nd5 (10. Nd2) 10... Bg5 11.
O-O (11. h4 $5 Bh6 12. g4 $14) 11... O-O 12. a4 (12. Qd3) 12... Nd7 13. a5 Rc8
14. c3 (14. c4 $5) 14... Nf6 15. Nb6 Rc6 16. Bf3 Nd7 17. Nd5 Nf6 1/2-1/2

[Event "RUS-chT 07th"]
[Site "Smolensk"]
[Date "2000.04.24"]
[Round "10"]
[White "Brodsky, Michail"]
[Black "Loskutov, Oleg"]
[Result "1-0"]
[WhiteElo "2514"]
[BlackElo "2380"]
[Annotator "Ftacnik,L"]
[PlyCount "44"]
[EventDate "2000.04.15"]
[EventType "team-tourn"]
[EventRounds "11"]
[EventCountry "RUS"]
[SourceTitle "CBM 077"]
[Source "ChessBase"]
[SourceDate "2000.07.27"]
[SourceVersion "1"]
[SourceVersionDate "2000.07.27"]
[SourceQuality "1"]
[WhiteTeam "Maykop Universitet"]
[BlackTeam "Tomsk Politekhnik-Yantar"]
[WhiteTeamCountry "RUS"]
[BlackTeamCountry "RUS"]

1. e4 c5 2. Nf3 d6 3. d4 cxd4 4. Nxd4 Nf6 5. Nc3 a6 6. Be2 e5 7. Nb3 Be7 8. O-O
O-O 9. Kh1 Qc7 10. f4 Be6 11. f5 Bc4 12. g4 $1 d5 13. g5 Nxe4 14. Nxe4 dxe4 15.
f6 Bb4 16. Bxc4 Qxc4 17. fxg7 Rc8 (17... Kxg7 18. Be3 Nc6 19. c3 (19. Qh5 Rad8
20. Rf2 Rd7 21. Raf1 a5 22. c3 Bd6 23. Nd2 Qd3 24. Qg4 Be7 25. Nxe4 Nd8 26. Rf3
Qd5 27. Nf6 {1-0 Sikula,V-Vajda,S/Budapest/2000/ (27)}) 19... Be7 20. Qg4 Rad8
21. Nd2 Qb5 (21... Qd3 22. Rae1 Qd7 23. Qh5 Qd5 24. Rg1 Rd6 {0-1 Grabics,
M-Vajda,S/Ostrava/1999/ (85)}) 22. Nxe4 Qxb2 23. Rfb1 $1 Qc2 24. Rxb7 Rb8 25.
Rc7 Rb2 $4 (25... Rfc8 26. Rxc8 Rxc8 27. Rf1 $16) 26. Bg1 $18 {1-0 Hjartarson,
J-De Firmian,N/Stockholm/1996/ (27)}) 18. Be3 Nc6 19. c3 Be7 (19... Rd8 20. Nd2
Rxd2 21. Qxd2 Be7 22. Qd7 Rd8 23. Qh3 Rd3 24. g6 fxg6 25. Bh6 Rd8 26. Qd7 {
1-0 Oll,L-Ward,T/Chicago/1997/ (26)}) 20. Qg4 {The whole line can not be
recomended for black, white has massive attack for no compensation.} (20. Nd2
Qd3 (20... Qd5 21. Qg4 Kxg7 22. Nxe4 $16) 21. Qh5 Nd8 22. Rae1 $16) 20... Qd3
$6 (20... Kxg7 21. Nd2 Qd3 22. Rae1 $16) 21. Qf5 Nd8 (21... Qd5 22. Rad1 Qe6
23. Qxe6 fxe6 24. Rd7 $16) 22. Rad1 Qc4 (22... Qxe3 23. Rxd8+ Rxd8 24. Qxf7#) (
22... Qc4 23. Na5 $1 Qxa2 24. c4 Rc7 25. Bb6 Rac8 26. Rd7 $18) 1-0

[Event "GER-ch 70th"]
[Site "Bremen"]
[Date "1998.11.12"]
[Round "7"]
[White "Mainka, Romuald"]
[Black "Bangiev, Alexander J"]
[Result "1-0"]
[WhiteElo "2480"]
[BlackElo "2395"]
[Annotator "Ftacnik,L"]
[PlyCount "105"]
[EventDate "1998.11.06"]
[EventType "swiss"]
[EventRounds "9"]
[EventCountry "GER"]
[SourceTitle "CBM 068"]
[Source "ChessBase"]
[SourceDate "1999.02.01"]
[SourceVersion "1"]
[SourceVersionDate "1999.02.01"]
[SourceQuality "1"]

1. e4 c5 2. Nf3 d6 3. d4 cxd4 4. Nxd4 Nf6 5. Nc3 a6 6. Be2 e5 7. Nb3 Be7 8. O-O
O-O 9. Be3 Be6 10. Qd3 Qc8 (10... Nbd7 11. a4 (11. Nd5 Bxd5 12. exd5 Ne8 (12...
Nc5 13. Nxc5 dxc5 14. Rad1 Bd6 15. Bg5 Re8 16. Qf5 h6 17. Bxf6 Qxf6 18. Qxf6
gxf6 19. Bg4 e4 {1/2-1/2 Ivanchuk,V-Gelfand,B/Cap d'Agde 1998/ (51)}) (12...
Rc8 13. c4 Re8 (13... a5 14. Rac1 a4 15. Nd2 Nc5 16. Qa3 $16) 14. Rfd1 Bf8 15.
Qd2 b6 16. Rac1 g6 17. Qe1 h5 18. f3 a5 19. Nd2 Kh7 20. Bd3 Bh6 {0-1 Yemelin,
V-De Firmian,N/Elista 1998/ (44)}) 13. Qd2 a5 (13... Qc7 14. c4 (14. Na5 $5 {
/\ b4, c4+/=}) 14... a5 15. Rac1 (15. Rab1 $5) 15... g6 $1 (15... f5 16. f3 $16
) 16. Na1 Ng7 $10 17. Bd3 Nc5 18. Nc2 $6 (18. f3 $10) 18... e4 $1 19. Be2 Nf5
20. Bf4 Bf6 $15 {0-1 Yemelin,V-Sakaev,K/St.Peterburg 1995/ (38)}) 14. a4 Nc5
15. f3 b6 16. Bb5 Nc7 17. Bc6 Ra7 18. Nc1 f5 19. c3 f4 20. Bf2 e4 21. Bxc5 bxc5
22. fxe4 Bg5 23. Nd3 {1-0 Boudre,J-Renet,O/Paris 1996/ (41)}) 11... Rc8 12. a5
Qc7 13. Rfc1 Rfe8 14. Nd5 Qc6 15. Bf3 Bxd5 16. exd5 Qc4 17. Qd2 Qh4 18. Qd1 e4
19. Be2 Ne5 20. h3 {1/2-1/2 Balashov,Y-Sigurjonsson,G/Reykjavik 1984/ (20)}) (
10... Nc6 11. Rfd1 (11. a3 Na5 12. Nd2 d5 13. exd5 Nxd5 14. Nxd5 Qxd5 15. Qxd5
Bxd5 16. Bb6 Bd8 17. Bc5 Re8 18. b4 Rc8 19. c4 Be6 20. Rac1 f5 21. Be3 Nc6 {
1/2-1/2 Yemelin,V-Karasev,V/St.Petersburg 1995/ (49)}) 11... Rc8 12. a3 g6 13.
Bh6 Re8 14. Bg5 Kg7 15. Bxf6+ Bxf6 16. Nd5 Bg5 17. g3 Ne7 18. Nc3 Rc6 19. a4
Qc7 20. h3 Bh6 21. a5 Rd8 22. Qf3 f5 {0-1 Fishbein,A-De Fotis,G/Chicago 1989/ 
(32)}) 11. Rac1 a5 {xb5} (11... Nc6 12. a3 b5 13. Nd5 Bxd5 14. exd5 e4 15. Qd2
Ne5 16. Qd4 Qf5 17. f3 exf3 18. Nd2 Qg4 19. Nxf3 Qxd4 20. Bxd4 Nxd5 {0-1 Paz,
D-Leskiewicz,M/Guarapuava 1995/ (39)}) 12. Nd5 Nxd5 (12... Bxd5 13. exd5 e4 14.
Qd4 $16) 13. exd5 Bf5 14. Qd1 Nd7 (14... a4 15. Nd2 a3 16. b3 $14) 15. a4 $1
Bg6 16. Kh1 f5 17. f4 Bf6 18. c3 Qd8 (18... e4 19. Nd4 $14) 19. Bb5 Be8 20.
fxe5 Bxe5 (20... Nxe5 $2 21. Rxf5 $16) 21. Nd4 g6 22. Ne6 Qh4 {[%mdl 32] Black
correctly strives for counterplay on the kingside, since the structure on the
other flank favours white.} 23. Bf4 Rf7 24. Qe2 (24. Qe1 Qxe1 (24... Qf6 $2 25.
Bg5 Qh8 26. Nd8 $18) 25. Rcxe1 Bxf4 26. Rxf4 Ne5 $14) 24... Bxf4 $6 (24... Re7
$5 25. Qe1 $5 (25. Bxd7 Bxf4 26. Rxf4 Qxf4 27. Nxf4 Rxe2 28. Nxe2 Bxd7 $13) (
25. Rce1 Bxf4 (25... Rxe6 $2 26. g3 $18) 26. Rxf4 Qxf4 27. Nxf4 Rxe2 28. Rxe2
Ne5 $11) 25... Qxe1 26. Rcxe1 Bxf4 27. Nc7 Rxe1 28. Rxe1 Rc8 29. Nxe8 Nb6 30.
Re7 Nxd5 31. Rxb7 $14) 25. Rxf4 Qh6 $2 (25... Qf6 26. Re1 $14) 26. Qe1 $1 {
All of sudden the black queen is trapped on the h file.} Nf6 (26... g5 27. Qg3
g4 28. Bd3 $18) 27. Rh4 Nh5 28. Be2 Re7 (28... f4 29. Bxh5 gxh5 30. Nxf4 $16
Rxf4 $2 31. Qg3+ Rg4 32. Qxg4+ hxg4 33. Rxh6 Bg6 34. Re1 $18) 29. Bxh5 gxh5 30.
Qg3+ Kh8 (30... Qg6 $2 31. Qxd6 $18) 31. Rf1 Qf6 32. Rhf4 (32. Re4 $5 Bd7 33.
Qxd6 Rae8 34. Re5 Bxe6 35. dxe6 Rxe6 36. Rxe6 Rxe6 37. Qb8+ $18) 32... Bg6 33.
Qd3 Qe5 34. h3 Rae8 35. Qd2 Rg8 36. Re1 Qf6 37. Qf2 h6 (37... Rd7 $1 38. Qb6
Ra8 $16) 38. Qb6 $1 {Converting the advantage with timely attack against
additional targets- pawns a5 and d6.} Rd7 (38... Ra8 39. Qxd6 $18) 39. Qxa5 Bf7
40. Qb6 Re8 41. Qf2 Bxe6 (41... Bg6 42. c4 $18) 42. dxe6 Rxe6 43. Rxe6 Qxe6 44.
Rxf5 $18 Kh7 (44... Re7 45. Rxh5 $18) 45. Rf6 Qe5 46. Qf5+ (46. Qc2+ Kg8 47.
Rg6+ Rg7 (47... Kf8 48. Qd2 $18) 48. Qb3+ Kh7 49. Rxg7+ Qxg7 50. Qd5 $18) 46...
Qxf5 47. Rxf5 d5 (47... Kg6 48. Rd5 $18) 48. Rxh5 d4 49. cxd4 Rxd4 50. b3 Kg6 (
50... Rb4 51. Rb5 $18) 51. Rb5 Rd7 52. Kh2 Rf7 53. Kg3 1-0

[Event "Tan Chin Nam Cup 5th"]
[Site "Shenyang"]
[Date "1999.07.09"]
[Round "2"]
[White "Wang, Zili"]
[Black "Zhang, Zhong"]
[Result "0-1"]
[WhiteElo "2524"]
[BlackElo "2541"]
[Annotator "Ftacnik,L"]
[PlyCount "65"]
[EventDate "1999.07.08"]
[EventType "tourn"]
[EventRounds "9"]
[EventCountry "CHN"]
[EventCategory "13"]
[SourceTitle "CBM 073"]
[Source "ChessBase"]
[SourceDate "1999.12.01"]
[SourceVersion "1"]
[SourceVersionDate "1999.12.01"]
[SourceQuality "1"]

1. e4 c5 2. Nf3 d6 3. d4 Nf6 4. Nc3 cxd4 5. Nxd4 a6 6. Be2 e5 7. Nb3 Be7 8. O-O
O-O 9. Kh1 Nc6 10. f4 b5 11. a4 b4 (11... Bb7 12. axb5 axb5 13. Rxa8 Qxa8 14.
Bxb5 Nb4 (14... Na7 15. Bd3 Nxe4 16. Bxe4 Bxe4 17. Qe2 Bb7 18. Na5 $14) 15. Qe2
$5 Nxe4 16. Nxe4 Bxe4 17. c3 Bd5 $8 18. cxb4 Bxb3 19. fxe5 Bd5 {0-1 Zelcic,
R-Sutovskij,E/Dresden/1998/ (36)}) 12. Nd5 Nxe4 (12... Bb7 13. Qd3 a5 14. Be3
exf4 15. Bxf4 Ne5 16. Bxe5 dxe5 17. Nxf6+ Bxf6 18. Qe3 Qc7 19. Bd3 Ba6 20. Qe2
Bxd3 21. cxd3 Bg5 22. d4 exd4 23. Nxd4 {1-0 Slobodjan,R-Womacka,M/Schoeneck/
1996/ (45)}) 13. Bf3 f5 14. Nxe7+ Nxe7 15. fxe5 dxe5 16. Qxd8 Rxd8 17. Nc5 (17.
Bg5 Re8 18. Nc5 Rb8 19. Bxe4 fxe4 20. Rad1 Nc6 21. Nxe4 Be6 22. Nc5 Bc4 23.
Rfe1 {1/2-1/2 Jansa,V-Womacka,M/BL2-O/1994/ (53)}) 17... Nxc5 $5 {[%mdl 1024]
White could not have hoped for much in this line, but the spirited exchange
sacrifice by black even puts him in danger.} 18. Bxa8 f4 19. Bf3 (19. Re1 Ng6 (
19... Bf5 20. Bxf4 (20. Bf3 Ng6 21. Rd1 Rc8 $17) 20... Ne6 (20... exf4 21. Rxe7
Rxa8 22. Re5 $16) 21. Rxe5 Nxf4 22. Rxe7 Rxa8 $15) 20. Bf3 Bf5 21. Bd1 Kf7 $15)
19... Bf5 20. Rd1 (20. Re1 Bxc2 21. Bxf4 Nd3 (21... exf4 22. Rxe7 Nxa4 $11) 22.
Bg5 Nxe1 23. Rxe1 $11) 20... Rc8 21. Bd2 (21. Rd2 $5 e4 22. Be2 e3 23. Rd4 g5
$15) 21... a5 (21... Bxc2 22. Re1 (22. Bxb4 Bxd1 23. Rxd1 Kf7 $17) 22... Nd3
23. Bb7 $1 Rc7 24. Bxa6 Nxe1 25. Rxe1 $15) 22. c3 $6 {Wang Zili falls apart
under the strain, black pieces are just excellently located.} (22. Re1 e4 23.
Bc1 e3 $1 $17) 22... Nb3 23. cxb4 (23. Ra2 Bc2 24. Bxf4 exf4 25. Re1 Nc6 26.
Bxc6 Rxc6 27. cxb4 axb4 $17) 23... e4 24. g4 (24. Bh5 g6 25. Bxf4 Nxa1 26. Rxa1
Nd5 $19) 24... Bg6 $1 (24... fxg3 $6 25. Bg2 Nxa1 26. Rxa1 $15) 25. Bg2 (25.
Ra3 Nxd2 26. Rxd2 axb4 27. Rb3 exf3 $19) 25... f3 26. Bh3 Nxa1 27. Rxa1 Nd5 {
Apart from two passed pawns also the activity of pieces of the opponents
speaks volumes for black.} 28. g5 (28. bxa5 e3 $19) 28... Rc2 29. Be6+ Bf7 30.
Bxd5 (30. Bxf7+ Kxf7 31. Bc3 axb4 32. Be5 e3 33. Rf1 f2 $19) 30... Bxd5 31. Be3
Re2 32. Bb6 e3 33. h4 (33. h4 f2+ 34. Kh2 f1=Q+ 35. Kg3 Qf3#) 0-1

[Event "Tan Chin Nam Cup 8th"]
[Site "Qingdao"]
[Date "2002.07.04"]
[Round "2"]
[White "Ganguly, Surya Shekhar"]
[Black "Sasikiran, Krishnan"]
[Result "0-1"]
[WhiteElo "2524"]
[BlackElo "2650"]
[Annotator "Ftacnik,L"]
[PlyCount "74"]
[EventDate "2002.07.04"]
[EventType "swiss"]
[EventRounds "9"]
[EventCountry "CHN"]
[SourceTitle "CBM 091"]
[Source "ChessBase"]
[SourceDate "2002.11.12"]
[SourceVersion "1"]
[SourceVersionDate "2002.11.12"]
[SourceQuality "1"]

1. e4 c5 2. Nf3 d6 3. d4 cxd4 4. Nxd4 Nf6 5. Nc3 a6 6. Be2 e5 7. Nb3 Be7 8. O-O
O-O 9. Kh1 b6 10. Be3 Bb7 11. f3 b5 12. Qd2 (12. a4 b4 13. Nd5 Nxd5 14. exd5
Nd7 15. a5 (15. c4 bxc3 16. bxc3 Qc7 (16... Bg5 17. Bf2 (17. Bxg5 Qxg5 18. Na5
Nc5 19. Rb1 Bc8 20. Rb6 Bd7 21. Rxd6 Bxa4 22. Qb1 Rfb8 23. Rb6 Qd8 {1/2-1/2
Ganguly,S-Sasikiran,K/Nagpur 2002/ (38)}) 17... Qc7 18. c4 a5 19. Qe1 (19. Nd2
f5 20. Nb1 Rf6 21. Nc3 Raf8 22. Nb5 Qd8 23. Rb1 Ba8 24. Qc2 Nc5 25. Qc3 Rh6 26.
Be1 Bb7 27. Qxa5 Qf6 28. Bf2 e4 {1/2-1/2 Jakovenko,D-Sasikiran,K/Pardubice
2002/ (45)}) 19... Rfb8 20. Ra3 g6 21. Bd3 f5 22. Qe2 Nf6 23. Qc2 Re8 24. Ra2
Rac8 25. Qb1 Ba6 26. c5 Bxd3 27. Qxd3 dxc5 28. Bxc5 Qf7 29. Bb6 Nxd5 30. Bxa5
Nc3 {1/2-1/2 Zhang Zhong-Sasikiran,K/Hastings 2002/ (65)}) (16... f5 17. Rb1
Bc8 18. c4 f4 19. Bf2 Rf6 20. Nd2 Rh6 21. Ne4 Bh4 22. Qe1 Bxf2 23. Qxf2 Nf8 24.
Rb6 Bf5 25. c5 Bxe4 26. fxe4 Nd7 27. Rxd6 Rxd6 28. cxd6 Nf6 29. Bf3 Qxd6 {
1/2-1/2 Xie Jun/Seirawan,Y-Zhu Chen/Short,N/Jinan 2002/ (76)}) 17. c4 a5 18.
Qd2 Nc5 19. Nxc5 dxc5 20. f4 Bd6 21. fxe5 Bxe5 22. Rab1 Ba6 23. Bf4 Bxf4 24.
Qxf4 Qxf4 25. Rxf4 Rab8 {1/2-1/2 Bellia,F-Costantini,R/Montecatini Terme 2001/
(49)}) 15... Bg5 (15... Rc8 16. Bd3 Nf6 17. Bf5 Rb8 18. Be4 Nxe4 19. fxe4 Bc8
20. Bb6 Qe8 21. Nd2 f5 22. Qe2 Bd7 {0-1 Dhar Barua,S-Ravi,L/Raipur 2002/ (35)})
16. Bxg5 Qxg5 17. Ra4 Nf6 18. Bc4 Qf4 19. Rxb4 Bxd5 20. Qd3 Rac8 21. Nd2 Rc5
22. c3 Rxa5 23. Bxa6 Qh6 24. Bb5 Nh5 25. Rd1 Be6 26. Nf1 d5 {0-1 Herrera,
I-Dominguez,L/Santa Clara 1999/ (45)}) 12... Nbd7 13. Rfd1 (13. Nd5 Nxd5 14.
exd5 Rc8 15. a4 Nf6 16. axb5 axb5 17. Na5 Bxd5 18. Bxb5 Qc7 19. c4 Ba8 20. Rac1
e4 {0-1 Smeets,J-Zhigalko,A/Peniscola 2002/ (42)}) (13. a3 h6 14. Rfd1 Qc7 15.
Bf1 Rac8 16. Qf2 Nc5 17. Nc1 Rfd8 18. b4 Ne6 19. N1e2 Qb8 20. Ba7 Qa8 21. Bb6
Re8 {1/2-1/2 Hansen,S-Heinemann,T/Hamburg 1999/ (39)}) (13. Bd3 Rc8 14. Rfd1 h6
15. Bf1 Qc7 16. Qf2 Nh5 17. Bd3 Qd8 18. a4 f5 19. axb5 axb5 20. Na5 Ba8 21.
exf5 b4 22. Nb5 {1-0 Ruan,L-Zhu Chen/Suzhou 2001/ (60)}) 13... Rc8 (13... Qc7
14. a3 (14. Rac1 Rac8 15. Bxb5 axb5 16. Nxb5 Qb8 17. Nxd6 Bxd6 18. Qxd6 Qa8 19.
Qb4 Rb8 20. Qa5 Bxe4 21. fxe4 Qxa5 22. Nxa5 Rxb2 23. c4 Rxa2 24. c5 Rxa5 25. c6
Raa8 {1/2-1/2 Jakubowski,K-Vaulin,A/Koszalin 1999/  (36)}) 14... Rfd8 15. Qe1
Rac8 16. Qf2 Rb8 17. Nc1 Bc6 18. N1a2 a5 19. b4 Nf8 20. bxa5 Qxa5 21. Nb4 Rdc8
22. Bd2 Qa8 23. Nxc6 Rxc6 24. Nxb5 Rxc2 25. Bd3 Rb2 26. Qa7 {1-0 Anand,
V-Gelfand,B/Monte Carlo 1999/ (38)}) (13... b4 14. Nd5 Nxd5 15. exd5 a5 16. a3
Nf6 17. axb4 axb4 18. Rxa8 Bxa8 19. Bc4 Qc7 20. Qxb4 Rc8 21. Na5 Rb8 22. Qc3 e4
{0-1 Jobava,B-Jakubowski,K/Oropesa del Mar 2001/ (37)}) 14. a4 $2 {[%mdl 64]
One of the paradoxes of chess lays at the heart of this position, despite loss
of a tempo with b7-b6-b5 black's pieces are better prepared for the first big
clash of forces.} (14. a3 Qc7 $11) 14... b4 15. Nd5 (15. Nb1 d5 16. exd5 Nxd5 (
16... Bxd5 17. Bxa6 Ra8 18. Qe2 $14) 17. Bxa6 Rxc2 (17... Bxa6 18. Qxd5 Qc7 19.
Rd2 Rfd8 20. Qa5 Qc6 $15) 18. Qxc2 Nxe3 19. Qe2 Nxd1 20. Bxb7 Nc5 21. N1d2 Nxb2
22. Nxc5 Bxc5 23. Nb3 Nd3 $17) 15... Nxd5 16. exd5 Nf6 17. Qxb4 (17. Nc5 dxc5
18. d6 Re8 19. dxe7 Qxe7 20. Bc4 e4 $17) 17... Nxd5 $1 18. Qxb7 (18. Qd2 Nxe3
19. Qxe3 Rxc2 $17) 18... Nxe3 19. Rd2 Nxc2 {Sasikiran has won a tempo and his
strong center will be a big worry for white.} 20. Rc1 (20. Rg1 Bg5 21. Rd3 Rb8
22. Qe4 Nb4 $19) 20... Rb8 21. Qe4 (21. Qxa6 Nb4 22. Qa5 Bg5 $19) 21... Nb4 22.
Rcd1 Kh8 (22... f5 23. Qc4+ Kh8 24. Nc5 d5 25. Rxd5 Nxd5 26. Rxd5 Qc7 27. b4
Bxc5 28. Rxc5 Qd7 $17) 23. Bc4 f5 24. Qe2 Qe8 25. a5 d5 $1 {Another fine
combination, white has to part with material and black even has a pleasant
choice.} 26. Bxd5 (26. Rxd5 Nxd5 27. Bxd5 Qb5 28. Qxe5 Rfd8 29. Qxe7 Rxd5 $19)
26... Bg5 (26... Nxd5 27. Rxd5 Rxb3 28. Rxe5 Rb7 29. Re1 Rf7 30. Qxa6 Rxb2 $17)
27. Bc4 Bxd2 28. Rxd2 (28. Nxd2 Rd8 29. Re1 Qg6 $17) 28... Qc6 29. h3 Rbc8 30.
Bd3 Nxd3 31. Qxd3 (31. Rxd3 Qc2 $19) 31... e4 32. Qe3 (32. fxe4 fxe4 33. Qe2
Qb7 $19) 32... exf3 33. Qxf3 (33. gxf3 Rfd8 $19) 33... Qxf3 34. gxf3 Rfd8 35.
Re2 g6 36. Kg2 Rd3 37. Na1 Rb8 0-1